Statistics for Countries with Two Words

Click here to take the quiz!

General Stats

  • This quiz has been taken 477 times
    (329 since last reset)
  • The average score is 20 of 23

Answer Stats

Two-Worded Countries% Correct
South Korea
94%
United Kingdom
94%
North Korea
92%
South Africa
92%
South Sudan
91%
New Zealand
89%
San Marino
88%
Dominican Republic
87%
Sri Lanka
87%
Burkina Faso
85%
East Timor
85%
El Salvador
85%
Marshall Islands
85%
Saudi Arabia
85%
Costa Rica
83%
Solomon Islands
83%
Vatican City
83%
Saint Lucia
82%
Cape Verde
81%
Equatorial Guinea
81%
North Macedonia
80%
Sierra Leone
74%
Czech Republic
71%

Score Distribution

Percentile by Number Answered

Percent of People with Each Score

Your Score History

You have not taken this quiz since the last reset